| 000 | 00963cam a2200337 4500 | ||
|---|---|---|---|
| 001 | ABS64772 | ||
| 008 | 011123n2001 000 0 eng u | ||
| 035 | _a(Sirsi) u115720 | ||
| 245 | _aRegional survey: West Midlands | ||
| 260 | _c2001 | ||
| 490 |
_aProperty Week _v66(45) 9 November 2001, 43-70(8) |
||
| 590 | _aABS | ||
| 650 | _aWEST MIDLANDS | ||
| 650 | _aBIRMINGHAM | ||
| 650 | _aOCCUPIERS | ||
| 650 | _aOFFICE SPACE | ||
| 650 | _aPROPERTY-COMMERCIAL PROPERTY-OFFICE PROPERTY-OFFICE PROPERTY MARKET | ||
| 650 | _aINDUSTRIAL MARKET | ||
| 650 | _aPROPERTY-COMMERCIAL PROPERTY-RETAIL PROPERTY-RETAIL PROPERTY MARKET | ||
| 650 | _aDEVELOPMENT | ||
| 650 | _aMERRY HILL | ||
| 650 | _aCOVENTRY | ||
| 650 | _aWOLVERHAMPTON | ||
| 650 | _aWALSALL | ||
| 650 | _aDUDLEY | ||
| 650 | _aSOLIHULL | ||
| 650 | _aLEAMINGTON SPA | ||
| 650 | _aSUTTON COLDFIELD | ||
| 690 | _aPROPERTY-COMMERCIAL PROPERTY-COMMERCIAL PROPERTY MARKET | ||
| 942 | _n0 | ||
| 999 |
_c68929 _d68929 |
||